00806nam a2200205Ia 4500003000900000008004100009020002200050040001600072080002100088111007700109245016800186260005100354300001400405490005900419650003000478700002400508700002200532700002000554700002600574IN-BaIIA211028s9999 xx 000 0 eng d a978-81-922926-8-7 cIIA Library a082.2:52bASI-10 aInternational Symposium on Solar Terrestrial Physics (ISSTP)cPuned2012 0aProceedings of the international symposium on solar terrestrial physics (ISSTP)bheld in IISER, Pune, India, November 5-9, 2012cedited by N. Gopalswamy…[et al.] aBengalurubAstronomical Society of Indiac2013 axi, 148p. aAstronomical society of India conference series; v. 10 aSolar terrestrial physics aGopalswamy, N., ed. aHasan, S. S., ed. aRao, P. B., ed. aSubramanian, P., eds.